K-9's sacrifice Quiz Stats

Quiz not verified by Sporcle

Challenge
Share
Tweet
Embed
Score 0/110 Timer 05:00
0 Plays Today
% Correct
you
94.1%
do
94.1%
DOCTOR: You
94.1%
you
94.1%
you
94.1%
you
94.1%
you? (K-9 fires his laser at the barrel, causing it to explode and dousing the Krillitanes in oil)
94.1%
FINCH: You
94.1%
a
94.1%
go!
88.2%
go
88.2%
I
82.4%
the
82.4%
is
82.4%
DOCTOR: I
82.4%
to
82.4%
is
82.4%
he?!
82.4%
(They see K-9 on the floor) The
82.4%
the
82.4%
He
82.4%
K-9: That
76.5%
that.
76.5%
Master (The Krillitanes screech outside)
76.5%
master.
76.5%
master.
76.5%
good
76.5%
be
70.6%
be
70.6%
can't
70.6%
K-9: No
70.6%
dog.
70.6%
dog
70.6%
so
70.6%
are
70.6%
on
70.6%
dog.
70.6%
% Correct
dog.
70.6%
DOCTOR: We
64.7%
SARAH JANE: Where
64.7%
What
64.7%
was
64.7%
for
58.8%
For
58.8%
let
58.8%
K-9: Affirmative (The Doctor leaves, whilst K-9 gets into position)
58.8%
Not
58.8%
bad
58.8%
K-9: Affirmative (The school explodes. The children cheer, whilst the Doctor and Sarah Jane just look longingly)
58.8%
just
58.8%
have
52.9%
me
52.9%
DOCTOR: I'm
52.9%
sorry
52.9%
correct.
47.1%
metal
47.1%
DOCTOR: But
41.2%
you'll
41.2%
K-9?
41.2%
run
41.2%
done?! (The Doctor grabs her and they run
41.2%
FINCH: (The Krillitanes enter the kitchen) When
41.2%
But
41.2%
with
41.2%
now
41.2%
SARAH JANE: It's
41.2%
one
35.3%
must
35.3%
if
35.3%
must.
35.3%
MICKEY: (Outside, Mickey is rushing the kids out of the school) Come
35.3%
all
35.3%
friend.
29.4%
little
29.4%
% Correct
right.
29.4%
really... (The Doctor hugs her)
29.4%
trapped
23.5%
inside...
23.5%
DOCTOR: Goodbye
23.5%
K-9: Goodbye
23.5%
need
23.5%
him,
23.5%
him
23.5%
bite.
23.5%
Let's
23.5%
Let's
23.5%
daft
23.5%
only
17.6%
alternative
17.6%
old
17.6%
bring
17.6%
his
17.6%
nasty
17.6%
Fine
17.6%
shot
11.8%
directly
11.8%
beside
11.8%
vat.
11.8%
possible,
11.8%
SARAH JANE: (The Doctor runs outside and seals the door) Where's
11.8%
find
11.8%
eat
11.8%
brain.
11.8%
powerful
11.8%
guys!
11.8%
(Inside the Krillitanes are melting) Burning!
11.8%
K-9: (The Doctor is lining up the barrels of Krillitane oil) Capacity
5.9%
maximum
5.9%
impact
5.9%
stationed
5.9%

You're not logged in!

Compare scores with friends on all Sporcle quizzes.
Sign Up with Email
OR
Log In

You Might Also Like...

Show Comments

Extras

Top Quizzes Today


Score Distribution

Your Account Isn't Verified!

In order to create a playlist on Sporcle, you need to verify the email address you used during registration. Go to your Sporcle Settings to finish the process.